Phân tích văn bản một số tác phẩm Hán Nôm tiêu biểu

保存先:
書誌詳細
第一著者: Phan, Hữu Huệ
フォーマット: 図書
言語:Undetermined
出版事項: H. ĐHSP 2006
主題:
オンライン・アクセス:http://lrc.tdmu.edu.vn/opac/search/detail.asp?aID=2&ID=6767
タグ: タグ追加
タグなし, このレコードへの初めてのタグを付けませんか!
Thư viện lưu trữ: Trung tâm Học liệu Trường Đại học Thủ Dầu Một
LEADER 00684nam a2200193Ia 4500
001 TDMU_6767
008 210410s9999 xx 000 0 und d
082 |a 495.9227 
090 |b PH105 
100 |a Phan, Hữu Huệ 
245 0 |a Phân tích văn bản một số tác phẩm Hán Nôm tiêu biểu 
245 0 |c Phan Hữu Huệ 
260 |a H. 
260 |b ĐHSP 
260 |c 2006 
300 |a 339tr 
650 |a Phân tích văn bản; Tác phẩm văn học Hán; Tác phẩm văn học Nôm 
856 |u http://lrc.tdmu.edu.vn/opac/search/detail.asp?aID=2&ID=6767 
980 |a Trung tâm Học liệu Trường Đại học Thủ Dầu Một